| 000 | 00362nam a2200145Ia 4500 | ||
|---|---|---|---|
| 008 | 151213s9999 xx 000 0 und d | ||
| 100 | _aJames R. Miskell | ||
| 245 |
_aMotivation of Work _cJames R. Miskell |
||
| 260 |
_aIllinoes _bIrwin _c1994 |
||
| 300 | _a2016 p. | ||
| 650 | _aManagement | ||
| 650 | _aManagement | ||
| 700 | _aJames R. Miskell | ||
| 999 |
_c1476 _d1476 |
||